Meet Me Halfway - Black Eyed Peas - All Lyrics - Statistics

General Stats
  • This quiz has been taken 132 times
  • The average score is 378 of 476
Answer Stats
Answer % Correct
my
99%
(Oh,
99%
oh)
99%
Ooh,
99%
I
98%
I,
98%
I)
98%
me
98%
yo,
98%
you
98%
Can
97%
halfway?
95%
halfway
95%
meet
93%
Meet
93%
the
93%
go
90%
go,
90%
this
90%
can't
88%
where
88%
Right
87%
right
87%
And
85%
and
85%
is
85%
want
85%
want,
85%
any
84%
than
84%
to
84%
to,
84%
wish
84%
for
83%
For
83%
(For
83%
For,
83%
for,
83%
I'm
83%
it
82%
further
81%
it's
81%
so
81%
bad,
79%
be
79%
stay
79%
just
78%
Just
78%
(Just
78%
borderline
76%
gonna
76%
at
74%
'bout
74%
day,
74%
day
74%
wait
74%
only
73%
thinking,
73%
thinking
73%
heart
71%
looking
71%
do
70%
time
70%
spend
69%
I'll
68%
out,
68%
night
67%
we
67%
badly,
66%
Every
66%
every
66%
all
65%
girl,
65%
Girl,
65%
limit,
65%
biggest
64%
missing,
62%
missing
62%
Hey
61%
single
61%
used
61%
Used
61%
things
60%
around,
57%
'round
57%
up,
56%
up
56%
travel
55%
wanna
55%
Wanna
55%
now
54%
Took
54%
seven
53%
world
53%
seas
52%
those
51%
love
49%
what's
49%
have
48%
tell
48%
really
47%
'Cause
46%
Cool,
46%
even
46%
other
46%
always,
45%
sail
45%
That's
45%
like
44%
galaxies
41%
Across
40%
will
40%
universe
39%
side
37%
die
36%
downtown
35%
take
35%
town
34%
fly,
30%
fly
30%
until
28%
cross
27%
try
26%
bridge
24%
Let's
24%
myself,
23%
myself
23%
yes,
23%
skies
21%
ways
21%
uptown,
19%
navigate
16%
No matching quizzes found
Score Distribution
Percent of People with Each Score
Percentile by Number Answered
Your Score History
You have not taken this quiz